000 00301nam a22001337a 4500
008 170508b xxu||||| |||| 00| 0 eng d
020 _a9780131962071
041 _aeng
080 _27TH
_a343.9
100 _a15
101 _aSHJ
245 _aCRIMINAL INVESTIGATION
_cGILBERT, J.N
942 _2udc
_cBK
999 _c12912
_d12912